书目信息 |
| 题名: |
雷达系统概论
|
|
| 作者: | 蔡希尧 编著 | |
| 分册: | ||
| 出版信息: | 北京 科学出版社 1983 |
|
| 页数: | 532页 | |
| 开本: | 21cm | |
| 丛书名: | ||
| 单 册: | ||
| 中图分类: | TN95 | |
| 科图分类: | ||
| 主题词: | 雷达 | |
| 电子资源: | ||
| ISBN: | ||
| 000 | 00573nam0 2200229 45 | |
| 001 | 0183005312 | |
| 005 | 20061125142218.59 | |
| 010 | @dCNY3.10 | |
| 091 | @aCN@b15031.498 | |
| 100 | @a19950310d1983 em y0chiy0121 ea | |
| 101 | 0 | @achi |
| 102 | @aCN@b110000 | |
| 105 | @ay z 000yy | |
| 200 | 10 | @a雷达系统概论@Alei da xi tong gai lun@f蔡希尧编著 |
| 210 | @a北京@c科学出版社@d1983 | |
| 215 | @a532页@d21cm | |
| 606 | @a雷达 | |
| 690 | @aTN95@v3 | |
| 701 | 0 | @a蔡希尧@Acai xi yao@4编著 |
| 801 | 2 | @aCN@bNLC@c20061125 |
| 801 | 0 | @aCN@bTSSF |
| 905 | @a10447@dTN95@e8 | |
| 雷达系统概论/蔡希尧编著.-北京:科学出版社,1983 |
| 532页;21cm |
| ISBN :CNY3.10 |
| ● |
| 相关链接 |
|
|
|
|
正题名:雷达系统概论
索取号:TN95/8
 
预约/预借
| 序号 | 登录号 | 条形码 | 馆藏地/架位号 | 状态 | 备注 |
| 1 | 0151556 | 001327656 | 第二样本阅览室/ [索取号:TN95/8] | 在馆 |